[Event "NED-chT 0809"]
[Site "Netherlands"]
[Date "2009.03.28"]
[Round "7.7"]
[White "Vogel, Jaap"]
[Black "Rothuis, Vincent"]
[Result "1/2-1/2"]
[WhiteElo "2254"]
[BlackElo "2357"]
[PlyCount "62"]
[EventDate "2008.09.27"]
[EventType "team-tourn"]
[EventRounds "9"]
[EventCountry "NED"]
[SourceTitle "EXT 2010"]
[Source "ChessBase"]
[SourceDate "2010.11.25"]
[SourceVersion "1"]
[SourceVersionDate "2010.11.25"]
[SourceQuality "1"]
[WhiteTeam "Enschede ESGOO"]
[BlackTeam "Bussum"]
[WhiteTeamCountry "NED"]
[BlackTeamCountry "NED"]

1. Nf3 c5 2. g3 b5 3. Bg2 Bb7 4. 0-0 Nf6 5. d3 e6 6. c4 b4 7. a3 a5 8. axb4 axb4 9. Rxa8 Bxa8 10. d4 Bxf3 11. Bxf3 cxd4 12. Qxd4 Nc6 13. Qf4 e5 14. Qe3 Qc7 15. Qd3 e4 16. Bxe4 Ne5 17. Bf4 Nxd3 18. Bxc7 Nxb2 19. Bd3 d5 20. Nd2 Kd7 21. Be5 Nxd3 22. exd3 dxc4 23. Nxc4 Ng4 24. Bd4 f6 25. Ra1 Be7 26. h3 Ne5 27. Bxe5 fxe5 28. Nxe5+ Ke6 29. Nc6 Bc5 30. Rb1 Kd6 31. Na5 Rf8 1/2-1/2

[Event "NRW Class1 0809"]
[Site "Germany"]
[Date "2009.02.01"]
[Round "6.1"]
[White "Buscher, Michael"]
[Black "Rothuis, Vincent"]
[Result "1/2-1/2"]
[WhiteElo "2351"]
[BlackElo "2357"]
[PlyCount "167"]
[EventDate "2008.09.21"]
[EventType "team-tourn"]
[EventRounds "9"]
[EventCountry "GER"]
[SourceTitle "EXT 2010"]
[Source "ChessBase"]
[SourceDate "2010.11.25"]
[SourceVersion "1"]
[SourceVersionDate "2010.11.25"]
[SourceQuality "1"]
[WhiteTeam "Duesseldorf"]
[BlackTeam "Kleve Turm"]
[WhiteTeamCountry "GER"]
[BlackTeamCountry "GER"]

1. e4 e6 2. Nc3 d5 3. Nf3 d4 4. Ne2 c5 5. c3 Nc6 6. cxd4 cxd4 7. Qa4 Bc5 8. b4 Bxb4 9. Nexd4 Nge7 10. Bb5 Ba5 11. Ba3 Bd7 12. Bxe7 Kxe7 13. Bxc6 Bxc6 14. Nxc6+ bxc6 15. 0-0 Bb6 16. d4 Qd6 17. Ne5 Rac8 18. Rac1 c5 19. Nc4 Qd7 20. Qa3 Qxd4 21. Rfd1 Qxe4 22. Nd6 Qf4 23. Nxc8+ Rxc8 24. Qa6 Rd8 25. Qb7+ Kf6 26. g3 Rxd1+ 27. Rxd1 Qf5 28. Rd7 Kg6 29. Kg2 c4 30. Qf3 c3 31. Rd3 Ba5 32. Rd4 h5 33. Qxf5+ Kxf5 34. Ra4 Bd8 35. Kf3 Ke5 36. Ke2 Bb6 37. f3 Kd5 38. Kd3 f5 39. Kxc3 g5 40. h3 e5 41. Kd3 Bd4 42. Ra5+ Bc5 43. Rb5 e4+ 44. fxe4+ fxe4+ 45. Ke2 g4 46. hxg4 hxg4 47. Rb7 Bd6 48. Rxa7 Bxg3 49. Rg7 Bd6 50. Rxg4 Ba3 51. Rg3 Bc5 52. a4 Kc6 53. Rg6+ Kb7 54. Re6 e3 55. Kd3 Kb8 56. Kc4 Ba7 57. Kb5 Kc7 58. Kc4 Bb6 59. Kd5 Kb7 60. Re7+ Ka6 61. Kc6 Ba7 62. Re5 Bd4 63. Re8 Ka5 64. Kd5 Bb6 65. Kc4 Kxa4 66. Ra8+ Ba5 67. Kd3 Kb5 68. Kxe3 Bb6+ 69. Kd3 Bf2 70. Rg8 Ba7 71. Rg5+ Kb4 72. Rg7 Bf2 73. Rf7 Bg1 74. Rb7+ Kc5 75. Rg7 Bf2 76. Rg4 Be1 77. Rc4+ Kd5 78. Rc1 Bb4 79. Rh1 Bf8 80. Rh5+ Kd6 81. Ke4 Bg7 82. Rd5+ Kc6 83. Rg5 Ba1 84. Rg2 1/2-1/2

[Event "Groningen Compact op-A"]
[Site "Groningen"]
[Date "2008.12.27"]
[Round "2"]
[White "Rothuis, Vincent"]
[Black "Wissmann, Dolf"]
[Result "1-0"]
[WhiteElo "2324"]
[BlackElo "2079"]
[PlyCount "40"]
[EventDate "2008.12.26"]
[EventType "swiss"]
[EventRounds "5"]
[EventCountry "NED"]
[SourceTitle "CBM 127 Extra"]
[Source "ChessBase"]
[SourceDate "2009.01.08"]
[SourceVersion "2"]
[SourceVersionDate "2009.01.28"]
[SourceQuality "1"]

1. e4 g6 2. d4 Bg7 3. Nc3 c6 4. Bc4 d6 5. Qf3 e6 6. Nge2 Nd7 7. Bf4 Qe7 8. 0-0 e5 9. Bg5 f6 10. Be3 exd4 11. Nxd4 Ne5 12. Qe2 Nh6 13. Bb3 Bd7 14. Bxh6 Bxh6 15. f4 Nf7 16. e5 dxe5 17. Bxf7+ Qxf7 18. fxe5 Bf5 19. e6 Qc7 20. Nxf5 gxf5 1-0

[Event "NRW Class1 0809"]
[Site "Germany"]
[Date "2008.10.12"]
[Round "2.1"]
[White "Braun, Vitali"]
[Black "Rothuis, Vincent"]
[Result "1/2-1/2"]
[WhiteElo "2334"]
[BlackElo "2357"]
[PlyCount "64"]
[EventDate "2008.09.21"]
[EventType "team-tourn"]
[EventRounds "9"]
[EventCountry "GER"]
[SourceTitle "EXT 2010"]
[Source "ChessBase"]
[SourceDate "2010.11.25"]
[SourceVersion "1"]
[SourceVersionDate "2010.11.25"]
[SourceQuality "1"]
[WhiteTeam "Brackweda"]
[BlackTeam "Kleve Turm"]
[WhiteTeamCountry "GER"]
[BlackTeamCountry "GER"]

1. d4 d5 2. c4 e5 3. dxe5 d4 4. Nf3 Nc6 5. Bf4 h6 6. e3 g5 7. Bg3 Bb4+ 8. Nbd2 h5 9. h4 dxe3 10. fxe3 g4 11. Ng5 f6 12. exf6 Nxf6 13. Qc2 Bf5 14. e4 Qxd2+ 15. Qxd2 Bxd2+ 16. Kxd2 0-0-0+ 17. Kc3 Bxe4 18. Re1 Bg6 19. Bf4 b5 20. a3 a5 21. b4 axb4+ 22. axb4 Rhe8 23. Rxe8 Rxe8 24. g3 Rd8 25. Rh2 Rd1 26. Rf2 bxc4 27. Bxc4 Ne7 28. Be6+ Kb7 29. Rd2 Rc1+ 30. Kb3 Nc6 31. b5 Rb1+ 32. Kc4 Rc1+ 1/2-1/2

[Event "NRW Class1 0809"]
[Site "Germany"]
[Date "2008.09.21"]
[Round "1.1"]
[White "Rothuis, Vincent"]
[Black "Korotkjevich, Stanislav"]
[Result "1/2-1/2"]
[WhiteElo "2357"]
[BlackElo "2349"]
[PlyCount "75"]
[EventDate "2008.09.21"]
[EventType "team-tourn"]
[EventRounds "9"]
[EventCountry "GER"]
[SourceTitle "EXT 2010"]
[Source "ChessBase"]
[SourceDate "2010.11.25"]
[SourceVersion "1"]
[SourceVersionDate "2010.11.25"]
[SourceQuality "1"]
[WhiteTeam "Kleve Turm"]
[BlackTeam "Koeln Porz II"]
[WhiteTeamCountry "GER"]
[BlackTeamCountry "GER"]

1. e4 Nc6 2. d4 e5 3. Nf3 exd4 4. Nxd4 Qh4 5. Nc3 Bb4 6. Be2 Qxe4 7. Ndb5 Kd8 8. 0-0 Bxc3 9. Nxc3 Qd4 10. Bd3 d6 11. Be3 Qg4 12. f3 Qh5 13. Qe1 f6 14. Qg3 Qf7 15. Nb5 Ne5 16. Rad1 a6 17. Nxd6 cxd6 18. Bb6+ Ke8 19. Rfe1 Ne7 20. f4 N5c6 21. Be4 Kf8 22. Rxd6 Bf5 23. Bxc6 Nxc6 24. Rxc6 bxc6 25. Bc5+ Kg8 26. Re7 Qxe7 27. Bxe7 Kf7 28. Ba3 Bxc2 29. Qc3 Be4 30. Qb3+ Bd5 31. Qb7+ Kg6 32. f5+ Kxf5 33. Qxg7 Rae8 34. Be7 Rhg8 35. Qxf6+ Ke4 36. Bc5 Kd3 37. Qc3+ Ke4 38. Qf6 1/2-1/2

[Event "Dieren op"]
[Site "Dieren"]
[Date "2008.07.31"]
[Round "9"]
[White "Rothuis, Vincent"]
[Black "Wiersma, Eelke"]
[Result "1/2-1/2"]
[WhiteElo "2357"]
[BlackElo "2419"]
[PlyCount "41"]
[EventDate "2008.07.22"]
[EventType "swiss"]
[EventRounds "9"]
[EventCountry "NED"]
[SourceTitle "CBM 125 Extra"]
[Source "ChessBase"]
[SourceDate "2008.09.01"]
[SourceVersion "1"]
[SourceVersionDate "2008.09.01"]
[SourceQuality "1"]

1. e4 c5 2. Nf3 Nc6 3. Bb5 g6 4. 0-0 Bg7 5. Re1 Nf6 6. e5 Nd5 7. Nc3 Nc7 8. Bxc6 dxc6 9. Ne4 Ne6 10. d3 Qc7 11. Be3 b6 12. a3 0-0 13. b4 cxb4 14. axb4 c5 15. bxc5 bxc5 16. Qd2 c4 17. d4 Rd8 18. d5 Bxe5 19. Nxe5 Qxe5 20. Nc3 Qf5 21. Ra5 1/2-1/2

[Event "Dieren op"]
[Site "Dieren"]
[Date "2008.07.29"]
[Round "7"]
[White "Rothuis, Vincent"]
[Black "Sriram, Jha"]
[Result "1-0"]
[WhiteElo "2357"]
[BlackElo "2429"]
[PlyCount "71"]
[EventDate "2008.07.22"]
[EventType "swiss"]
[EventRounds "9"]
[EventCountry "NED"]
[SourceTitle "CBM 125 Extra"]
[Source "ChessBase"]
[SourceDate "2008.09.01"]
[SourceVersion "1"]
[SourceVersionDate "2008.09.01"]
[SourceQuality "1"]

1. e4 e5 2. Nf3 Nc6 3. d4 exd4 4. Nxd4 Bc5 5. Nb3 Bb6 6. Nc3 d6 7. a4 a6 8. Nd5 Ba7 9. Be3 Bxe3 10. Nxe3 Nf6 11. Bd3 0-0 12. 0-0 Re8 13. f3 Ne5 14. a5 c6 15. Be2 Ng6 16. Nc4 d5 17. Nb6 Rb8 18. exd5 Nf4 19. Bc4 cxd5 20. Bd3 N6h5 21. Re1 Bh3 22. Rxe8+ Qxe8 23. Bf1 Be6 24. Qd4 Qd8 25. Qe5 f6 26. Qe3 g5 27. g3 Nh3+ 28. Kh1 Qd6 29. Re1 Bf5 30. g4 Ng3+ 31. hxg3 Qxg3 32. Re2 Bg6 33. Nxd5 Kh8 34. Nd4 h5 35. gxh5 Bxh5 36. Rh2 1-0

[Event "Dieren op"]
[Site "Dieren"]
[Date "2008.07.28"]
[Round "6"]
[White "Rothuis, Vincent"]
[Black "Brandenburg, Daan"]
[Result "1/2-1/2"]
[WhiteElo "2357"]
[BlackElo "2431"]
[PlyCount "62"]
[EventDate "2008.07.22"]
[EventType "swiss"]
[EventRounds "9"]
[EventCountry "NED"]
[SourceTitle "CBM 125 Extra"]
[Source "ChessBase"]
[SourceDate "2008.09.01"]
[SourceVersion "1"]
[SourceVersionDate "2008.09.01"]
[SourceQuality "1"]

1. e4 c5 2. Nf3 d6 3. d4 cxd4 4. Nxd4 Nf6 5. Nc3 Nc6 6. Bc4 e6 7. Be3 a6 8. Qe2 Qc7 9. 0-0-0 Na5 10. Bd3 b5 11. a3 Rb8 12. f4 Nd7 13. f5 Ne5 14. Qh5 g6 15. Qh4 Be7 16. Qh3 Nac6 17. fxg6 Nxg6 18. Nxc6 Qxc6 19. e5 Nxe5 20. Be4 Qc7 21. Qh6 b4 22. axb4 Rxb4 23. Bd4 Rxd4 24. Rxd4 Qc5 25. Qg7 Qxd4 26. Qxh8+ Kd7 27. Kb1 Qb4 28. Nd5 Qxe4 29. Nxe7 Bb7 30. Ng8 Qxg2 31. Rd1 Qe2 1/2-1/2

[Event "Dieren op"]
[Site "Dieren"]
[Date "2008.07.26"]
[Round "5"]
[White "Ikonnikov, Vyacheslav"]
[Black "Rothuis, Vincent"]
[Result "1-0"]
[WhiteElo "2592"]
[BlackElo "2357"]
[PlyCount "57"]
[EventDate "2008.07.22"]
[EventType "swiss"]
[EventRounds "9"]
[EventCountry "NED"]
[SourceTitle "CBM 125 Extra"]
[Source "ChessBase"]
[SourceDate "2008.09.01"]
[SourceVersion "1"]
[SourceVersionDate "2008.09.01"]
[SourceQuality "1"]

1. d4 Nf6 2. Nf3 e6 3. c4 d5 4. Nc3 Bb4 5. cxd5 exd5 6. Bg5 Nbd7 7. Qc2 c5 8. e3 Qa5 9. Bd3 0-0 10. 0-0 c4 11. Bf5 Bxc3 12. bxc3 Re8 13. Nd2 g6 14. Bxd7 Nxd7 15. f3 f6 16. Bh6 b5 17. e4 Nb6 18. a3 Qa4 19. Qc1 Bb7 20. Re1 Rad8 21. h4 Kf7 22. Bf4 Re6 23. e5 Rde8 24. Bg3 fxe5 25. Bxe5 Nd7 26. f4 Kg8 27. Nf3 Rf8 28. Ng5 Rc6 29. Bg7 1-0

[Event "Bussum op"]
[Site "Bussum"]
[Date "2008.05.11"]
[Round "4"]
[White "Wantola, Ivo"]
[Black "Rothuis, Vincent"]
[Result "1/2-1/2"]
[WhiteElo "2229"]
[BlackElo "2369"]
[PlyCount "35"]
[EventDate "2008.05.09"]
[EventType "swiss"]
[EventRounds "7"]
[EventCountry "NED"]
[SourceTitle "CBM 124 Extra"]
[Source "ChessBase"]
[SourceDate "2008.07.03"]
[SourceVersion "1"]
[SourceVersionDate "2008.07.03"]
[SourceQuality "1"]

1. Nf3 d5 2. d4 Nf6 3. c4 e6 4. Nc3 Bb4 5. Qb3 c5 6. Bg5 Nc6 7. e3 0-0 8. dxc5 Bxc5 9. cxd5 exd5 10. Bxf6 Qxf6 11. Nxd5 Qg6 12. Rc1 Bb6 13. Nxb6 axb6 14. a3 Na5 15. Qb5 Be6 16. Be2 Nb3 17. Rd1 Qc2 18. Bd3 1/2-1/2

[Event "Bussum op"]
[Site "Bussum"]
[Date "2008.05.09"]
[Round "1"]
[White "Rothuis, Vincent"]
[Black "Coene, Igor"]
[Result "1-0"]
[WhiteElo "2369"]
[BlackElo "2104"]
[PlyCount "57"]
[EventDate "2008.05.09"]
[EventType "swiss"]
[EventRounds "7"]
[EventCountry "NED"]
[SourceTitle "CBM 124 Extra"]
[Source "ChessBase"]
[SourceDate "2008.07.03"]
[SourceVersion "1"]
[SourceVersionDate "2008.07.03"]
[SourceQuality "1"]

1. e4 e5 2. Nf3 Nc6 3. d4 exd4 4. Nxd4 Bc5 5. Be3 Qf6 6. Nb5 Bxe3 7. fxe3 Qh4+ 8. g3 Qxe4 9. Nxc7+ Kd8 10. Nxa8 Qxh1 11. Nc3 Qxh2 12. Qd6 Nf6 13. Qc7+ Ke7 14. 0-0-0 Qh5 15. Nb5 a6 16. Nd6 Qa5 17. Nxc8+ Rxc8 18. Qxc8 Qxa2 19. Qxb7 Qa1+ 20. Kd2 Ne4+ 21. Ke2 Nxg3+ 22. Ke1 Qa5+ 23. c3 Qf5 24. Bd3 Qf3 25. Qxd7+ Kf8 26. Qd6+ Kg8 27. Qf4 Qg2 28. Bf1 Nxf1 29. Qb8+ 1-0

[Event "Arnhem Euwe Stimulans-A"]
[Site "Arnhem"]
[Date "2007.08.24"]
[Round "7"]
[White "Rothuis, Vincent"]
[Black "Olafsson, Fridrik"]
[Result "0-1"]
[WhiteElo "2441"]
[BlackElo "2452"]
[PlyCount "52"]
[EventDate "2007.08.17"]
[EventType "tourn"]
[EventRounds "9"]
[EventCountry "NED"]
[EventCategory "7"]
[SourceTitle "CBM 119 Extra"]
[Source "ChessBase"]
[SourceDate "2007.09.04"]
[SourceVersion "1"]
[SourceVersionDate "2007.09.04"]
[SourceQuality "1"]

1. e4 g6 2. h4 h6 3. f4 Nf6 4. e5 Nh5 5. f5 d6 6. e6 fxe6 7. fxg6 Ng3 8. Rh3 Nxf1 9. Qf3 Kd7 10. Qf7 Nc6 11. g7 Bxg7 12. Qxg7 Rg8 13. Qc3 Rxg2 14. Kxf1 Qg8 15. Ne2 Rg4 16. d3 b6 17. Bxh6 Bb7 18. Nd2 Nd4 19. Ne4 Nxe2 20. Kxe2 Bxe4 21. dxe4 Rxe4+ 22. Kd3 Qg2 23. Qd2 Qxh3+ 24. Kxe4 d5+ 25. Kf4 Qxh4+ 26. Ke5 Qf6# 0-1

[Event "Arnhem Euwe Stimulans-A"]
[Site "Arnhem"]
[Date "2007.08.17"]
[Round "1"]
[White "Barua, Dibyendu"]
[Black "Rothuis, Vincent"]
[Result "1-0"]
[WhiteElo "2462"]
[BlackElo "2441"]
[PlyCount "51"]
[EventDate "2007.08.17"]
[EventType "tourn"]
[EventRounds "9"]
[EventCountry "NED"]
[EventCategory "7"]
[SourceTitle "CBM 119 Extra"]
[Source "ChessBase"]
[SourceDate "2007.09.04"]
[SourceVersion "1"]
[SourceVersionDate "2007.09.04"]
[SourceQuality "1"]

1. e4 c6 2. d4 d5 3. exd5 cxd5 4. Bd3 Nc6 5. c3 e5 6. dxe5 Nxe5 7. Bb5+ Bd7 8. Qxd5 Qe7 9. Bxd7+ Nxd7+ 10. Be3 Ngf6 11. Qc4 b5 12. Qc6 Rb8 13. Nf3 Ng4 14. 0-0 Nxe3 15. Re1 Nc2 16. Rxe7+ Bxe7 17. Ne5 0-0 18. Nxd7 Rbd8 19. Na3 Nxa1 20. Nxb5 Rfe8 21. g3 Bf8 22. Nd4 Re1+ 23. Kg2 Rb1 24. Ne5 Bd6 25. Nxf7 Kxf7 26. Qd5+ 1-0

[Event "Twente Young Master op-A"]
[Site "Twente"]
[Date "2007.08.08"]
[Round "4"]
[White "Van Kampen, Robin"]
[Black "Rothuis, Vincent"]
[Result "1/2-1/2"]
[WhiteElo "2475"]
[BlackElo "2393"]
[PlyCount "70"]
[EventDate "2007.08.06"]
[EventType "swiss"]
[EventRounds "9"]
[EventCountry "NED"]
[SourceTitle "EXT 2008"]
[Source "ChessBase"]
[SourceDate "2007.11.25"]
[SourceVersion "1"]
[SourceVersionDate "2007.11.25"]
[SourceQuality "1"]

1. e4 c5 2. Nf3 d6 3. d4 cxd4 4. Nxd4 Nf6 5. Nc3 a6 6. Be3 e6 7. g4 e5 8. Nf5 g6 9. g5 gxf5 10. exf5 d5 11. gxf6 d4 12. Bc4 Qc7 13. Qe2 dxc3 14. 0-0-0 Nc6 15. Qh5 Nd4 16. Bxd4 Qxc4 17. Rhe1 Qxa2 18. Bxc3 Bxf5 19. Rxe5+ Be6 20. Rxe6+ Qxe6 21. Re1 Qxe1+ 22. Bxe1 0-0-0 23. c3 Rd7 24. Bd2 h6 25. Bf4 Bd6 26. Bxd6 Rxd6 27. Qxf7 Rd7 28. Qg6 Rf8 29. Qxh6 Rdf7 30. Qh3+ Kb8 31. Qg3+ Ka8 32. Kd2 Rxf6 33. Ke2 Re6+ 34. Kf1 Rb6 35. Qg7 Rbf6 1/2-1/2

[Event "NED-chT 0607"]
[Site "Netherlands"]
[Date "2007.03.03"]
[Round "6.2"]
[White "Bitalzadeh, Ali"]
[Black "Rothuis, Vincent"]
[Result "1-0"]
[WhiteElo "2339"]
[BlackElo "2354"]
[PlyCount "41"]
[EventDate "2006.09.23"]
[EventType "team-tourn"]
[EventRounds "9"]
[EventCountry "NED"]
[SourceTitle "EXT 2008"]
[Source "ChessBase"]
[SourceDate "2007.11.25"]
[SourceVersion "1"]
[SourceVersionDate "2007.11.25"]
[SourceQuality "1"]
[WhiteTeam "Utrecht"]
[BlackTeam "Enschede ESGOO"]
[WhiteTeamCountry "NED"]
[BlackTeamCountry "NED"]

1. e4 e5 2. Nf3 Nc6 3. d4 exd4 4. Nxd4 Bc5 5. Nxc6 Qf6 6. Qf3 Qxf3 7. gxf3 bxc6 8. Rg1 Ne7 9. Be3 Bxe3 10. fxe3 0-0 11. Nc3 f5 12. f4 d6 13. e5 dxe5 14. Bc4+ Kh8 15. 0-0-0 Ng6 16. Ne2 Nh4 17. Rg3 e4 18. Nd4 c5 19. Nc6 Nf3 20. Ne7 g6 21. Rh3 1-0

[Event "Dieren op"]
[Site "Dieren"]
[Date "2006.07.27"]
[Round "3"]
[White "Kuipers, Stefan"]
[Black "Rothuis, Vincent"]
[Result "0-1"]
[WhiteElo "2160"]
[BlackElo "2354"]
[PlyCount "80"]
[EventDate "2006.07.25"]
[EventType "swiss"]
[EventRounds "9"]
[EventCountry "NED"]
[SourceTitle "CBM 113 Extra"]
[Source "ChessBase"]
[SourceDate "2006.09.14"]
[SourceVersion "1"]
[SourceVersionDate "2006.09.14"]
[SourceQuality "1"]

1. e4 c5 2. c3 d6 3. d4 Nf6 4. Bd3 g6 5. Nf3 Bg7 6. 0-0 0-0 7. h3 Qc7 8. Bf4 Nbd7 9. Nbd2 e5 10. Bh2 b6 11. Re1 Bb7 12. Rc1 Rfe8 13. Nh4 Rac8 14. d5 Bh6 15. g3 c4 16. Bc2 b5 17. f4 exf4 18. gxf4 Re7 19. Ng2 Rce8 20. Qf3 a5 21. Rcd1 Nc5 22. Bg3 b4 23. Bh4 Bg7 24. Ne3 b3 25. axb3 cxb3 26. Bb1 Na4 27. e5 dxe5 28. fxe5 Rxe5 29. Bxf6 Bxf6 30. Ne4 Bh4 31. Ng4 Bxe1 32. Ngf6+ Kh8 33. d6 Qb6+ 34. Rd4 Rf5 35. d7 Rd8 36. Qe3 Rxf6 37. Nxf6 Qxf6 38. Rxa4 Bh4 39. Rd4 Kg7 40. Be4 Bxe4 0-1

[Event "Dieren op"]
[Site "Dieren"]
[Date "2006.07.25"]
[Round "1"]
[White "Drost, Peter"]
[Black "Rothuis, Vincent"]
[Result "0-1"]
[WhiteElo "2118"]
[BlackElo "2354"]
[PlyCount "76"]
[EventDate "2006.07.25"]
[EventType "swiss"]
[EventRounds "9"]
[EventCountry "NED"]
[SourceTitle "CBM 113 Extra"]
[Source "ChessBase"]
[SourceDate "2006.09.14"]
[SourceVersion "1"]
[SourceVersionDate "2006.09.14"]
[SourceQuality "1"]

1. Nf3 Nf6 2. c4 c5 3. Nc3 b6 4. g3 Bb7 5. Bg2 g6 6. 0-0 Bg7 7. Re1 Ne4 8. Nxe4 Bxe4 9. d3 Bb7 10. Rb1 0-0 11. Bd2 d5 12. cxd5 Bxd5 13. a3 a5 14. Bc3 Nc6 15. Bxg7 Kxg7 16. e3 e5 17. Qc2 Ra7 18. Qc3 f6 19. Red1 Rd7 20. Ne1 Rff7 21. Bxd5 Rxd5 22. Qc4 Rfd7 23. Kf1 Qb8 24. Rbc1 Qb7 25. Kg1 h5 26. Ng2 Nd8 27. h4 Ne6 28. a4 Nc7 29. Qb3 Na6 30. e4 R5d6 31. Rc3 Nb4 32. Ne3 Qb8 33. Ng2 Qd8 34. Ne1 Rd4 35. f3 R7d6 36. Nc2 Rxd3 37. Rdxd3 Nxd3 38. Ne3 Nb4 0-1